Décomposition en facteurs premiers (51 à 100) - Statistiques

Statistiques générales
  • Ce quiz a été pris 51 fois
  • Le résultat moyen est 23 sur 50
Statistiques - réponses
Nombre Facteurs % Correct
100 2*2*5*5
88%
88 2*2*2*11
75%
90 2*3*3*5
75%
52 2*2*13
63%
96 2*2*2*2*2*3
63%
92 2*2*23
63%
66 2*3*11
63%
54 2*3*3*3
63%
82 2*41
63%
70 2*5*7
63%
99 3*3*11
63%
81 3*3*3*3
63%
55 5*11
63%
53 53
63%
77 7*11
63%
68 2*2*17
50%
76 2*2*19
50%
80 2*2*2*2*5
50%
72 2*2*2*3*3
50%
56 2*2*2*7
50%
78 2*3*13
50%
86 2*43
50%
98 2*7*7
50%
51 3*17
50%
57 3*19
50%
75 3*5*5
50%
67 67
50%
91 7*13
50%
64 2*2*2*2*2*2
38%
60 2*2*3*5
38%
84 2*2*3*7
38%
62 2*31
38%
69 3*23
38%
93 3*31
38%
63 3*3*7
38%
65 5*13
38%
85 5*17
38%
71 71
38%
79 79
38%
83 83
38%
97 97
38%
58 2*29
25%
74 2*37
25%
87 3*29
25%
95 5*19
25%
59 59
25%
61 61
25%
73 73
25%
89 89
25%
94 2*47
13%
Aucun quiz correspondant
Distribution des résultats
% des personnes avec chaque résultat
Percentile par nombre de réponses
Votre historique - résultats
Vous n’avez pas pris ce quiz